00687nam a2200217Ia 450000500170000000800410001702000180005804000180007604100080009408200220010210000180012424501400014225000120028226000460029430000260034065000190036665000190038565000170040470000260042170000220044720220719124633.0210716s2007 xx 000 0 und d a9788126508648 cAIMIT LIBRARY aeng a005.136 22bDENA aDennis, Alan. aSystems analysis and design with uml version2.0 :bobject oriented approach /cBy Alan Dennis, Barbara Haley Wixom and David Tegarden.  a2nd ed. aNew Delhi :bJohn Wiley and Sons ,c2007. axvii, 525P. ;c23 cm. aPlanning phase aAnalysis phase aDesign phase aWixom, Barbara Haley. a Tegarden, David.